| 000 -LEADER |
| fixed length control field |
00718nam a2200217Ia 4500 |
| 001 - CONTROL NUMBER |
| control field |
3209 |
| 003 - CONTROL NUMBER IDENTIFIER |
| control field |
GE_BSU |
| 005 - DATE AND TIME OF LATEST TRANSACTION |
| control field |
20221101152404.0 |
| 008 - FIXED-LENGTH DATA ELEMENTS--GENERAL INFORMATION |
| fixed length control field |
181216s1997ru xx |||||||||||||| ||rus|| |
| 020 ## - INTERNATIONAL STANDARD BOOK NUMBER |
| International Standard Book Number |
5735701258 |
| 040 ## - CATALOGING SOURCE |
| Transcribing agency |
GE_BSU |
| 041 ## - LANGUAGE CODE |
| Language code of text/sound track or separate title |
rus |
| 080 ## - UNIVERSAL DECIMAL CLASSIFICATION NUMBER |
| Universal Decimal Classification number |
330.1(075.8) Б-82 |
| 100 ## - MAIN ENTRY--PERSONAL NAME |
| Personal name |
Борисов, Е. Ф. |
| 9 (RLIN) |
15696 |
| 245 ## - TITLE STATEMENT |
| Title |
Экономическая теория :Учебник / |
| Statement of responsibility, etc. |
Е. Ф. Борисов. |
| 264 ## - PRODUCTION, PUBLICATION, DISTRIBUTION, MANUFACTURE, AND COPYRIGHT NOTICE |
| Place of production, publication, distribution, manufacture |
Москва : |
| Name of producer, publisher, distributor, manufacturer |
Юристь, |
| Date of production, publication, distribution, manufacture, or copyright notice |
1997. |
| 300 ## - PHYSICAL DESCRIPTION |
| Extent |
568 ст.: |
| 653 ## - INDEX TERM--UNCONTROLLED |
| keyword |
Экономическая теория Учебник |
| 653 ## - INDEX TERM--UNCONTROLLED |
| keyword |
ეკონომიკური თეორიის სახელმძღვანელო |
| 942 ## - ADDED ENTRY ELEMENTS (KOHA) |
| Koha item type |
წიგნი |
| Source of classification or shelving scheme |
|